| 000 | 00982nam a22003497a 4500 | ||
|---|---|---|---|
| 001 | BR0503779 | ||
| 003 | BR-BrBNA | ||
| 005 | 20230928101951.0 | ||
| 007 | ta | ||
| 008 | 230509b bl.||||| |||| 00| 0 por d | ||
| 040 |
_aBR-BrBNA _bpor _cBiblioteca Nacional de Agricultura |
||
| 041 | _a(Por) | ||
| 072 |
_aE14; P01; E50 _b1190 _b3200 |
||
| 090 | _ 1190 BR0503779 | ||
| 100 | 1 | _aShanley, P. | |
| 100 | 1 | _aMedina, G.(eds.) | |
| 245 | 1 | _aFrutíferas e plantas úteis na vida amazônica | |
| 260 | 3 |
_aBelém, PA (Brasil): _c2005. |
|
| 300 | _a304 p. | ||
| 500 | _aBibliography p. 287-296; 24 tables; 227 illus. | ||
| 650 | _aFRUTA TROPICAL | ||
| 650 | _aÁRVORE ANGIOSPERMA | ||
| 650 | _aFLORESTA | ||
| 650 | _aPRODUTO FLORESTAL | ||
| 650 | _aEDUCAÇÃO AMBIENTAL | ||
| 650 | _aPROJETO DE DESENVOLVIMENTO | ||
| 650 | _aDESENVOLVIMENTO SÓCIO-ECONÔMICO | ||
| 650 | _aCULINÁRIA | ||
| 650 | _aAMAZÔNIA | ||
| 909 |
_a202309 _bLucia _c55 _dLucia Elande |
||
| 942 | _cBK | ||
| 999 |
_c68469 _d68469 |
||